[Event "Xativa Murta op 1st"]
[Site "Xativa"]
[Date "2015.08.25"]
[Round "1"]
[White "Martin Rodriguez, Emilio"]
[Black "Sancho Pascual, Emilio"]
[Result "1-0"]
[WhiteElo "2098"]
[BlackElo "1550"]
[PlyCount "39"]
[EventDate "2015.08.25"]
[EventType "swiss"]
[EventRounds "9"]
[EventCountry "ESP"]
[SourceTitle "EXT 2016"]
[Source "ChessBase"]
[SourceDate "2015.10.08"]
[SourceVersion "1"]
[SourceVersionDate "2015.10.08"]
[SourceQuality "1"]

1. d4 Nf6 2. c4 e6 3. Nc3 Bb4 4. e3 0-0 5. Bd3 d5 6. Nf3 dxc4 7. Bxc4 Ne4 8. Qc2 Nxc3 9. bxc3 Be7 10. Bd3 h6 11. h4 Nd7 12. g4 c5 13. g5 b5 14. gxh6 gxh6 15. e4 c4 16. Qd2 f5 17. Rg1+ Kf7 18. Qxh6 Ke8 19. Qh5+ Rf7 20. Rg7 1-0

[Event "Sueca op 1st"]
[Site "Sueca"]
[Date "2015.07.30"]
[Round "4"]
[White "Del Arco Gimeno, Juan"]
[Black "Sancho Pascual, Emilio"]
[Result "1-0"]
[WhiteElo "1894"]
[BlackElo "1550"]
[PlyCount "55"]
[EventDate "2015.07.27"]
[EventType "swiss"]
[EventRounds "8"]
[EventCountry "ESP"]
[SourceTitle "EXT 2016"]
[Source "ChessBase"]
[SourceDate "2015.10.08"]
[SourceVersion "1"]
[SourceVersionDate "2015.10.08"]
[SourceQuality "1"]

1. e4 d5 2. exd5 Qxd5 3. d4 Nf6 4. c4 Qd6 5. Nc3 c6 6. Bg5 Bf5 7. Be2 Nbd7 8. Nf3 h6 9. Bh4 Qb4 10. Qd2 0-0-0 11. 0-0 e5 12. Bxf6 gxf6 13. Nh4 Bh7 14. Rfd1 exd4 15. Qxd4 Bc5 16. Qd2 Bg6 17. a3 Qb3 18. Nxg6 fxg6 19. Ne4 Ne5 20. Qf4 Be7 21. Nxf6 Rxd1+ 22. Rxd1 Qxb2 23. Bg4+ Nxg4 24. Qxg4+ Kb8 25. Nd7+ Ka8 26. Qe6 Qxa3 27. Re1 Re8 28. Qf7 1-0

[Event "Madrid-ch Previa-A"]
[Site "Madrid"]
[Date "2012.02.15"]
[Round "6"]
[White "Sancho Pascual, Emilio"]
[Black "Pardinas Riano, Emilio"]
[Result "0-1"]
[WhiteElo "1572"]
[BlackElo "1768"]
[PlyCount "58"]
[EventDate "2012.02.06"]
[EventType "swiss"]
[EventRounds "9"]
[EventCountry "ESP"]
[SourceTitle "CBM 147 Extra"]
[Source "ChessBase"]
[SourceDate "2012.04.24"]
[SourceVersion "1"]
[SourceVersionDate "2012.04.24"]
[SourceQuality "1"]

1. e4 c5 2. f4 d6 3. Bb5+ Bd7 4. Bxd7+ Nxd7 5. Nf3 Qc7 6. Nc3 e6 7. d4 cxd4 8. Nxd4 a6 9. Be3 Ngf6 10. g4 Nb6 11. g5 Nfd7 12. Qc1 0-0-0 13. 0-0 d5 14. Kh1 Bc5 15. a4 Nc4 16. exd5 exd5 17. b3 Nxe3 18. Qxe3 Rhe8 19. Qd3 Nb8 20. Nce2 Re4 21. c3 Nc6 22. Rac1 Kb8 23. b4 Bxd4 24. cxd4 Qd6 25. b5 Nb4 26. Qf3 a5 27. Rc5 Rde8 28. Rf2 Re3 29. Qg4 Nd3 0-1

[Event "Collado Villalba op-B 28th"]
[Site "Collado Villalba"]
[Date "2011.08.23"]
[Round "1.15"]
[White "Pimienta Sanchez, Manuel"]
[Black "Sancho Pascual, Emilio"]
[Result "1-0"]
[WhiteElo "1865"]
[BlackElo "1606"]
[PlyCount "85"]
[EventDate "2011.08.23"]
[EventType "swiss"]
[EventRounds "9"]
[EventCountry "ESP"]
[SourceTitle "EXT 2024"]
[Source "ChessBase"]
[SourceDate "2023.10.10"]
[SourceVersion "1"]
[SourceVersionDate "2023.10.10"]
[SourceQuality "1"]

1. d4 Nf6 2. c4 e6 3. Nc3 Bb4 4. a3 Bxc3+ 5. bxc3 c5 6. Nf3 0-0 7. g3 Nc6 8. Bg2 Na5 9. Nd2 d5 10. dxc5 Bd7 11. cxd5 exd5 12. a4 Bc6 13. 0-0 Re8 14. Nf3 Nc4 15. Bg5 h6 16. Bxf6 Qxf6 17. Nd4 Rad8 18. Qc2 Qe7 19. e3 Qxc5 20. Rfc1 Rd6 21. Bf1 Rf6 22. Nb3 Qe7 23. Re1 b6 24. Nd2 Nd6 25. Bg2 Qb7 26. Reb1 Qa8 27. a5 b5 28. a6 Qc8 29. Nb3 Ne4 30. Bxe4 Rxe4 31. Nd4 Qe8 32. Qe2 Bd7 33. Nxb5 Bg4 34. Qd2 Qe6 35. Nd4 Qc8 36. Qd3 Rxd4 37. Qxd4 Qf5 38. f4 Qc2 39. Rf1 Rc6 40. Rac1 Qf5 41. Qxa7 Be2 42. Qb8+ Rc8 43. a7 1-0